International and U.S. IPO planning (E-BOOK) (Record no. 193173)

000 -LEADER
fixed length control field 02107 a2200265 4500
003 - CONTROL NUMBER IDENTIFIER
control field Nust
005 - DATE AND TIME OF LATEST TRANSACTION
control field 20170207154052.0
010 ## - LIBRARY OF CONGRESS CONTROL NUMBER
LC control number 2008029057
020 ## - INTERNATIONAL STANDARD BOOK NUMBER
International Standard Book Number 0470390875 (cloth)
020 ## - INTERNATIONAL STANDARD BOOK NUMBER
International Standard Book Number 9780470390870 (cloth)
035 ## - SYSTEM CONTROL NUMBER
System control number (OCoLC)ocn232976052
040 ## - CATALOGING SOURCE
Transcribing agency Nust
082 00 - DEWEY DECIMAL CLASSIFICATION NUMBER
Classification number 658.15224
100 1# - MAIN ENTRY--PERSONAL NAME
Personal name Lipman, Frederick D.
245 10 - TITLE STATEMENT
Title International and U.S. IPO planning (E-BOOK)
Remainder of title a business strategy guide /
Statement of responsibility, etc. Frederick D. Lipman.
260 ## - PUBLICATION, DISTRIBUTION, ETC.
Place of publication, distribution, etc. Hoboken, N.J. :
Name of publisher, distributor, etc. Wiley,
Date of publication, distribution, etc. c2009.
300 ## - PHYSICAL DESCRIPTION
Extent xiv, 272 p. :
Other physical details ill. ;
Dimensions 24 cm.
505 0# - FORMATTED CONTENTS NOTE
Formatted contents note Introduction.Chapter 1. The Pros and Cons of a U.S. IPO.Part One. Advanced Ipo Planning.Chapter 2. Develop an Impressive Management and Professional Team.Chapter 3. Grow the Company's Business with an Eye to the Public Marketplace.<Chapter 4. Obtain Audited or Auditable Financial Statements Using IPO Acceptable Accounting Principles.Chapter 5. Cleaning Up the Company's Act.Chapter 6. Establish Anti-Takeover Defenses.Chapter 7. Develop Good Corporate Governance.Chapter 8. Create Insider Bail-Out Opportunities and Take Advantage of IPO Windows.Part Two. International IPOS.Chapter 9. Structuring an International IPO.Chapter 10. Income Tax Considerations in Establishing or Migrating a Corporation Off-Shore By (Joseph T. Gulant, ESQ.).Part Three. Traditional And Non Traditional IPOS In The U.S.Chapter 11. Traditional U.S. IPOs.Chapter 12. Reverse Mergers into Public Shells By (Jane Storero, Esq.).Chapter 13. Using a SPAC to Go Public By (Brad L. Shiffman, Esq.).Chapter 14. Regulation A: The $5 Million Offering.Chapter 15. SCOR: The $1 Million Do-It-Yourself Registered Offering.Appendix A. List of International Stock Exchange Websites.Appendix B. Responses of International Exchanges to IPO Survey.Index.
650 #0 - SUBJECT ADDED ENTRY--TOPICAL TERM
Topical term or geographic name entry element Corporations
General subdivision Finance.
650 #0 - SUBJECT ADDED ENTRY--TOPICAL TERM
Topical term or geographic name entry element Corporations
Geographic subdivision United States
General subdivision Finance.
650 #0 - SUBJECT ADDED ENTRY--TOPICAL TERM
Topical term or geographic name entry element Going public (Securities)
650 #0 - SUBJECT ADDED ENTRY--TOPICAL TERM
Topical term or geographic name entry element Going public (Securities)
Geographic subdivision United States.
651 ## - SUBJECT ADDED ENTRY--GEOGRAPHIC NAME
Geographic name International and U.S. IPO planning (E-BOOK)
856 41 - ELECTRONIC LOCATION AND ACCESS
Materials specified Table of contents only
Uniform Resource Identifier <a href="http://www.loc.gov/catdir/toc/ecip0823/2008029057.html">http://www.loc.gov/catdir/toc/ecip0823/2008029057.html</a>
942 ## - ADDED ENTRY ELEMENTS (KOHA)
Source of classification or shelving scheme
Koha item type Book
Holdings
Withdrawn status Lost status Source of classification or shelving scheme Damaged status Not for loan Collection code Permanent Location Current Location Date acquired Total Checkouts Full call number Barcode Date last seen Price effective from Koha item type
            Military College of Signals (MCS) Military College of Signals (MCS) 12/12/2016   658.15224 LIP MCSEB-2490 12/08/2016 12/12/2016 Book
© 2023 Central Library, National University of Sciences and Technology. All Rights Reserved.